| 000 | 00539nam a2200229Ia 4500 | ||
|---|---|---|---|
| 008 | 181129s9999 xx 000 0 und d | ||
| 020 | _a9780060254926 | ||
| 050 | _bS474 2013 | ||
| 100 | _aSendak, Maurice. | ||
| 245 | 0 | _aWhere the wild things are / | |
| 245 | 0 | _cby Maurice Sendak. | |
| 260 | _aNew York, NY : | ||
| 260 | _bScholastic, | ||
| 260 | _c2013 | ||
| 300 | _aunpaged : | ||
| 300 | _bcolor illustrations ; | ||
| 300 | _c23cm. | ||
| 500 | _a740L | ||
| 650 | _aFantasy. | ||
| 650 | _aMonsters. | ||
| 700 | _aTitle. | ||
| 999 |
_c360020 _d360020 |
||